| 000 | 005290000a22001570004500 | ||
|---|---|---|---|
| 003 | MACL | ||
| 005 | 20171224132312.0 | ||
| 008 | 171224b xxu||||| |||| 00| 0 eng d | ||
| 040 | _cMACL | ||
| 100 |
_aवंधोपाध्याय,विभूतिभूषण्ा _969775 |
||
| 245 | _aआदर्श हिन्दू होटल | ||
| 260 |
_bसंस्कृति साहित्य _c2001 |
||
| 350 | _a175 | ||
| 650 |
_aउपन्यास _969776 |
||
| 942 |
_cHIN _k891.433/VAN/N _2ddc |
||
| 999 |
_c19132 _d19132 |
||